Statistics for Important World Expo cities

Click here to take the quiz!

General Stats

  • This quiz has been taken 19 times
  • The average score is 22 of 35

Answer Stats

Year heldAnswer% Correct
1851 | 1862London
100%
1855 | 1867 | 1878 | +3 othersParis
100%
1939New York
94%
1893 | 1933Chicago
82%
1915San Francisco
76%
2020Dubai
71%
1888 | 1929Barcelona
65%
1897 | 1910 | 1935 | 1958Brussels
59%
1906 | 2015Milan
59%
1876Philadelphia
59%
1873Vienna
59%
2010Shanghai
53%
1967Montreal
47%
1880Melbourne
41%
1970 | 2025Osaka
41%
1962Seattle
41%
1904St. Louis
35%
1905Liege
18%
2000Hannover
12%
1992Seville
12%
1913Ghent
6%
1949Port-au-Prince
0%

Score Distribution

Percentile by Number Answered

Percent of People with Each Score

Your Score History

You have not taken this quiz